Cơ học

Nội dung tài liệu bao gồm 2 phần, 8 chương trình bày những vấn đề cơ bản của tĩnh học và động học

Gorde:
Xehetasun bibliografikoak
Egile nagusia: Đỗ, Sanh
Formatua: Liburua
Hizkuntza:Undetermined
Argitaratua: Hà Nội Giáo dục 2009
Gaiak:
Etiketak: Etiketa erantsi
Etiketarik gabe, Izan zaitez lehena erregistro honi etiketa jartzen!
Thư viện lưu trữ: Trung tâm Học liệu Trường Đại học Cần Thơ
LEADER 00728nam a2200205Ia 4500
001 CTU_156743
008 210402s9999 xx 000 0 und d
020 |c 16500 
082 |a 531.1 
082 |b S107/T.1 
100 |a Đỗ, Sanh 
245 0 |a Cơ học 
245 0 |c Đỗ Sanh (Chủ biên), Nguyễn Văn Đình, Nguyễn Văn Khang 
260 |a Hà Nội 
260 |b Giáo dục 
260 |c 2009 
520 |a Nội dung tài liệu bao gồm 2 phần, 8 chương trình bày những vấn đề cơ bản của tĩnh học và động học 
650 |a Dynamics,Mechanics,Statics 
904 |i Thùy Trang 
980 |a Trung tâm Học liệu Trường Đại học Cần Thơ